00424nam a2200145Ia 4500008004100000041000900041082001800050100001500068245003100083260003600114300000800150650000800158999001700166952009500183230718s9999 xx 000 0 und d aEng. a659.42bMAS-I aMasad Poss 0aInternational Commuity Jin aPakistanbMayoor low bookc2009 a377 aLaw c29285d29285 00104070aSIRC-LbSIRC-Ld2023-07-18l0o659.42 MAS-Ip24236r2023-07-18w2023-07-18yBK